Normal view
MARC view
- English Language --Study and teaching--Foreign speakers. 2.Reading comprehension.
Entry Topical Term
001 - CONTROL NUMBER
- control field: 315
003 - CONTROL NUMBER IDENTIFIER
- control field: NUST
005 - DATE AND TIME OF LATEST TRANSACTION
- control field: 20170510162903.0
008 - FIXED-LENGTH DATA ELEMENTS
- fixed length control field: 170510|| aca||aabn | a|a d
040 ## - CATALOGING SOURCE
- Original cataloging agency: NUST
- Transcribing agency: NUST
150 ## - HEADING--TOPICAL TERM
- Topical term or geographic name entry element: English Language --Study and teaching--Foreign speakers. 2.Reading comprehension.
670 ## - SOURCE DATA FOUND
- Source citation: Work cat.: (NUST)24120: Grellet, Francoise 314, Developing reading skills:, c1981
